中国西部地区大学生社会责任意识 提升研究 (Record no. 1002099)
[ view plain ]
| 000 -LEADER | |
|---|---|
| fixed length control field | 01798nam a22003137a 4500 |
| 005 - DATE AND TIME OF LATEST TRANSACTION | |
| control field | 20250823174823.0 |
| 008 - FIXED-LENGTH DATA ELEMENTS--GENERAL INFORMATION | |
| fixed length control field | 250823b th ||||| |||| 00| 0 chi d |
| 040 ## - CATALOGING SOURCE | |
| Original cataloging agency | PIMLIB |
| Transcribing agency | PIMLIB |
| 050 ## - LIBRARY OF CONGRESS CALL NUMBER | |
| Classification number | Thesis |
| Item number | L783R |
| Year | 2024 |
| 100 ## - MAIN ENTRY--PERSONAL NAME | |
| 9 (RLIN) | 101690 |
| Personal name | Lui Shengping |
| 245 ## - TITLE STATEMENT | |
| Title | 中国西部地区大学生社会责任意识 提升研究 |
| 246 ## - VARYING FORM OF TITLE | |
| Title proper/short title | Research on improving the social responsibility consciousness of college students in western china |
| 260 ## - PUBLICATION, DISTRIBUTION, ETC. | |
| Place of publication, distribution, etc. | Nonthaburi : |
| Name of publisher, distributor, etc. | Panyapiwat Institute of Management, |
| Date of publication, distribution, etc. | 2024 |
| 300 ## - PHYSICAL DESCRIPTION | |
| Extent | P.134 |
| 502 ## - DISSERTATION NOTE | |
| Dissertation note | Thesis : Doctor of Philosophy Business Administration(Chinese Program) -- Panyapiwat Institute of Management, 2024. |
| 650 #0 - SUBJECT ADDED ENTRY--TOPICAL TERM | |
| 9 (RLIN) | 101691 |
| Topical term or geographic name entry element | 西部地区 |
| 650 #0 - SUBJECT ADDED ENTRY--TOPICAL TERM | |
| 9 (RLIN) | 101692 |
| Topical term or geographic name entry element | 大学生 |
| 650 #0 - SUBJECT ADDED ENTRY--TOPICAL TERM | |
| 9 (RLIN) | 101693 |
| Topical term or geographic name entry element | 社会责任 |
| 650 #0 - SUBJECT ADDED ENTRY--TOPICAL TERM | |
| 9 (RLIN) | 101695 |
| Topical term or geographic name entry element | China's Western Areas |
| 650 #0 - SUBJECT ADDED ENTRY--TOPICAL TERM | |
| 9 (RLIN) | 18905 |
| Topical term or geographic name entry element | College students |
| 650 #0 - SUBJECT ADDED ENTRY--TOPICAL TERM | |
| 9 (RLIN) | 49963 |
| Topical term or geographic name entry element | empirical study |
| 650 #0 - SUBJECT ADDED ENTRY--TOPICAL TERM | |
| 9 (RLIN) | 101696 |
| Topical term or geographic name entry element | Social Responsibility |
| 650 #0 - SUBJECT ADDED ENTRY--TOPICAL TERM | |
| 9 (RLIN) | 63800 |
| Topical term or geographic name entry element | CPHD |
| 690 ## - LOCAL SUBJECT ADDED ENTRY--TOPICAL TERM (OCLC, RLIN) | |
| 9 (RLIN) | 47390 |
| Topical term or geographic name as entry element | 0011-3 วิทยาลัยนานาชาติศึกษาจีน ปรัชญาดุษฎีบัณฑิต สาขาบริหารธุรกิจ CPHD (หลักสูตรภาษาจีน)(ป.เอก) |
| 856 ## - ELECTRONIC LOCATION AND ACCESS | |
| Uniform Resource Identifier | <a href="https://elibrary.pim.ac.th/ebook/viewer?file=https://elibrary.pim.ac.th/ebook?id=b0e50681-800e-11f0-8bd5-fa163e01dc04&id=b0e50681-800e-11f0-8bd5-fa163e01dc04">https://elibrary.pim.ac.th/ebook/viewer?file=https://elibrary.pim.ac.th/ebook?id=b0e50681-800e-11f0-8bd5-fa163e01dc04&id=b0e50681-800e-11f0-8bd5-fa163e01dc04</a> |
| Record control number | b0e50681-800e-11f0-8bd5-fa163e01dc04 |
| Public note | Ebook Full text |
| 856 ## - ELECTRONIC LOCATION AND ACCESS | |
| Uniform Resource Identifier | <a href="https://elibrary.pim.ac.th/ebook/viewer?file=https://elibrary.pim.ac.th/ebook?id=a5394862-800e-11f0-8bd5-fa163e01dc04&id=a5394862-800e-11f0-8bd5-fa163e01dc04">https://elibrary.pim.ac.th/ebook/viewer?file=https://elibrary.pim.ac.th/ebook?id=a5394862-800e-11f0-8bd5-fa163e01dc04&id=a5394862-800e-11f0-8bd5-fa163e01dc04</a> |
| Record control number | a5394862-800e-11f0-8bd5-fa163e01dc04 |
| Public note | Ebook Abstract |
| 942 ## - ADDED ENTRY ELEMENTS (KOHA) | |
| Source of classification or shelving scheme | Library of Congress Classification |
| Suppress in OPAC | |
| Koha item type | e-Thesis |
No items available.